005840000a2200181000450024500990000065000180009965000160011765000230013365000150015665000250017165100130019665300170020904100140022670000280024070000220026810000260029077300860031610aEscabajos tigre (Coleoptera: Cicindelidae) de Colombia Isintroducción y clave por géneros14aEntomología14aInventarios14aTaxonomía animal14aBiología14aSistemática animal 4pColombia fCicindelidae0 aEspañol1 aAmat Gracía, Germán1 aPearson, David L.1 aFernández, Fernando1 tBoletin del Museo de Entomología de la Universidad del Valleh1q29-40d1993g1